Assises de l'enseignement du Français et en français, 19-21 octobre 1997
Children's Rights to a Culturally Compatible English Education, Hong Kong Journal of Applied Linguistics, 1997, 2, 2, Dec ... B. Gadalla 9809906 Ploquin, Francoise, La Francophonie face a la mondialisation: Assises du francais a hue-19-21 Octobre 1997
Gespeichert in:
| 1. Verfasser: | |
|---|---|
| Format: | Buch |
| Sprache: | Undetermined |
| Veröffentlicht: |
Hué
Universités
1997
|
| Schlagworte: | |
| Tags: |
Tag hinzufügen
Keine Tags, Fügen Sie den ersten Tag hinzu!
|
| Thư viện lưu trữ: | Trung tâm Học liệu Trường Đại học Cần Thơ |
|---|
| LEADER | 00786nam a2200193Ia 4500 | ||
|---|---|---|---|
| 001 | CTU_232807 | ||
| 008 | 210402s9999 xx 000 0 und d | ||
| 082 | |a 440 | ||
| 082 | |b G962 | ||
| 100 | |a Guillou, Michel | ||
| 245 | 0 | |a Assises de l'enseignement du Français et en français, 19-21 octobre 1997 | |
| 245 | 0 | |c Michel Guillou | |
| 260 | |a Hué | ||
| 260 | |b Universités | ||
| 260 | |c 1997 | ||
| 520 | |a Children's Rights to a Culturally Compatible English Education, Hong Kong Journal of Applied Linguistics, 1997, 2, 2, Dec ... B. Gadalla 9809906 Ploquin, Francoise, La Francophonie face a la mondialisation: Assises du francais a hue-19-21 Octobre 1997 | ||
| 650 | |a Tiếng Pháp,French | ||
| 910 | |b dqhieu | ||
| 980 | |a Trung tâm Học liệu Trường Đại học Cần Thơ | ||